Employability Perceptions: does a reference from probation reduce rejection rates?

Finding and maintaining employment is challenging for those with a prior conviction, especially for those with a sexual offence. This study investigated perceived employability before and after the disclosure of criminal history through a Disclosure and Barring Service (DBS) check, using a mixed-met...

Ausführliche Beschreibung

Gespeichert in:  
Bibliographische Detailangaben
VerfasserInnen: Lewis, Maisey (Verfasst von) ; Gavin, Paul (Verfasst von) ; Porter, Cody N. (Verfasst von)
Medienart: Elektronisch Aufsatz
Sprache:Englisch
Veröffentlicht: 2025
In: International journal of law, crime and justice
Jahr: 2025, Band: 83, Seiten: 1-13
Online-Zugang: Volltext (lizenzpflichtig)
Volltext (lizenzpflichtig)
Verfügbarkeit prüfen: HBZ Gateway

MARC

LEADER 00000naa a22000002c 4500
001 1945027835
003 DE-627
005 20251208142526.0
007 cr uuu---uuuuu
008 251208s2025 xx |||||o 00| ||eng c
024 7 |a 10.1016/j.ijlcj.2025.100785  |2 doi 
035 |a (DE-627)1945027835 
035 |a (DE-599)KXP1945027835 
040 |a DE-627  |b ger  |c DE-627  |e rda 
041 |a eng 
084 |a 2,1  |2 ssgn 
100 1 |a Lewis, Maisey  |e VerfasserIn  |4 aut 
245 1 0 |a Employability Perceptions: does a reference from probation reduce rejection rates? 
264 1 |c 2025 
336 |a Text  |b txt  |2 rdacontent 
337 |a Computermedien  |b c  |2 rdamedia 
338 |a Online-Ressource  |b cr  |2 rdacarrier 
520 |a Finding and maintaining employment is challenging for those with a prior conviction, especially for those with a sexual offence. This study investigated perceived employability before and after the disclosure of criminal history through a Disclosure and Barring Service (DBS) check, using a mixed-methods design. A total of 226 participants were randomly assigned to one of three DBS conditions, each disclosing a different sexual offence: rape, sexual activity with a child, or possession of indecent images of children. Participants rated candidates on trustworthiness, value, and suitability for employment both before and after the DBS disclosure. To examine the potential mitigating effect of character references, half of the participants in each offence condition received an accompanying probation reference, while the other half did not. All participants were subsequently asked whether they would retain or reject the candidate and to provide reasoning for their decision. As hypothesised, ratings of trustworthiness, value, and suitability significantly declined following the disclosure of the DBS information. However, the inclusion of a probation reference led to reduced rejection rates in the conditions involving sexual activity with a child (by 18 %) and possession of indecent images of children (by 24 %). This mitigating effect was less pronounced in the condition involving rape. These findings highlight the persistent stigma associated with sexual offences in employment contexts and suggest that character references from probation services may partially mitigate negative perceptions, though their effectiveness varies by offence type. 
700 1 |a Gavin, Paul  |e VerfasserIn  |4 aut 
700 1 |a Porter, Cody N.  |e VerfasserIn  |4 aut 
773 0 8 |i Enthalten in  |t International journal of law, crime and justice  |d Oxford : Elsevier, 2008  |g 83(2025), Artikel-ID 100785, Seite 1-13  |h Online-Ressource  |w (DE-627)559427743  |w (DE-600)2412511-8  |w (DE-576)278242537  |x 1756-0616  |7 nnas 
773 1 8 |g volume:83  |g year:2025  |g elocationid:100785  |g pages:1-13 
856 4 0 |u https://doi.org/10.1016/j.ijlcj.2025.100785  |x Resolving-System  |z lizenzpflichtig  |3 Volltext  |7 1 
856 4 0 |u https://www.sciencedirect.com:5037/science/article/pii/S1756061625000618  |x Verlag  |z lizenzpflichtig  |3 Volltext  |7 1 
951 |a AR 
ELC |a 1 
LOK |0 000 xxxxxcx a22 zn 4500 
LOK |0 001 4824364736 
LOK |0 003 DE-627 
LOK |0 004 1945027835 
LOK |0 005 20251208123435 
LOK |0 008 251208||||||||||||||||ger||||||| 
LOK |0 040   |a DE-2619  |c DE-627  |d DE-2619 
LOK |0 092   |o n 
LOK |0 852   |a DE-2619 
LOK |0 852 1  |9 00 
LOK |0 935   |a krzo 
LOK |0 939   |a 08-12-25  |b l01 
OAS |a 1 
ORI |a SA-MARC-krimdoka001.raw